Tilastot visalle Turku-visa

Klikkaa tästä pelataksesi tätä visaa!

Yleistilastot

  • Tätä visaa on pelattu 317 kertaa
  • Keskiarvotulos 13 / 16

Vastaustilastot

VihjeVastaus% Oikein
Turku sijaitsee tämän joen suullaAurajoki
99%
Turun ruotsinkielinen nimiÅbo
98%
Maakunta, johon kaupunki kuuluuVarsinais-Suomi
98%
Tästä kaupungista tuli Suomen pääkaupunki Turun tilalle vuonna 1812Helsinki
94%
Turkua lähimpänä sijaitseva ulkomainen pääkaupunkiTukholma
92%
Musiikkifestivaali, joka järjestetään Ruissalon saarellaRuis{rock}
91%
Tapahtuma, joka tuhosi kaupungin lähes kokonaan vuonna 1827Turun {palo}
90%
Autonominen alue, joka sijaitsee n. 130 kilometrin päässä TurustaAhvenanmaa
89%
Turussa syntynyt, 9 olympiakultaa voittanut kestävyysjuoksijaPaavo Nurmi
87%
Turun piispa, jota pidetään suomen kirjakielen isänäMikael Agricola
86%
Turun menestynein urheiluseuraTurun Palloseura
86%
Turku on Suomen ______ kaupunkiVanhin
81%
Venäjällä sijaitseva Turun ystävyyskaupunkiPietari
80%
Vuonna 1903 rakennettu lautta, joka kuljettaa ihmisiä joen puolelta toiselleFöri
61%
Ryöstöretkeilijät tästä maasta hävittivät kaupunkia kahdesti 1500-luvullaTanska
54%
Suomen suurruhtinas -arvonimen itselleen antanut kuningas, joka asui Turun linnassaJuhana III
29%

Tulosjakauma

Persentiili vastausten määrän mukaan

Jokaisen tuloksen saaneiden osuus

Tuloshistoriasi

Et ole pelannut tätä visaa